Preview of active server pages + (Record no. 171495)

MARC details
000 -LEADER
fixed length control field 00356nam a2200133Ia 4500
008 - FIXED-LENGTH DATA ELEMENTS--GENERAL INFORMATION
fixed length control field 231217s9999 xx 000 0 und d
041 ## - LANGUAGE CODE
Language code of text/sound track or separate title English
082 ## - DEWEY DECIMAL CLASSIFICATION NUMBER
Classification number 001.6424ASP AND
100 ## - MAIN ENTRY--PERSONAL NAME
Personal name Anderson, Richard. Haner, Alex. Howard, Rob.
245 #0 - TITLE STATEMENT
Title Preview of active server pages +
260 ## - PUBLICATION, DISTRIBUTION, ETC.
Date of publication, distribution, etc. 2000
Name of publisher, distributor, etc. Shroff
Place of publication, distribution, etc. Mumbai
300 ## - PHYSICAL DESCRIPTION
Extent xi+360
942 ## - ADDED ENTRY ELEMENTS (KOHA)
Koha item type Books
Holdings
Date last seen Total checkouts Full call number Accession number Price effective from Category Lost status Damaged status Department Withdrawn status Home library Current library Shelving location Entry date Grants Billdate Currency symbol Conversion rate Discount Old discount
26/01/2024   001.6424ASP AND 26888 26/01/2024 Books     CS   Central Library Central Library Central Library 19/03/2004 CS 08/12/2005 RS 1    
26/01/2024   001.6424ASP AND 26889 26/01/2024 Books     CS   Central Library Central Library CS 19/03/2004 CS 08/12/2005 RS 1    

© For any Suggestions or Query, please contact the library staff @ librarian@pes.edu or Phone: +9180 2672 1983/ 2108.